| 000 | 01144cam a2200313 a 4500 | ||
|---|---|---|---|
| 003 | CO-ViMGA | ||
| 005 | 20230915224040.0 | ||
| 008 | 040813s2003 sp a r 00110 spa d | ||
| 020 | _a8480764953 | ||
| 040 |
_aCO-ViMGA _bspa _cCO-ViMGA |
||
| 082 | 0 | 4 |
_a751.4 _bG14m1 |
| 100 | 1 |
_aGair, Angela. _910867 |
|
| 245 | 1 | 0 |
_aManual completo del artista : _bmateriales y técnicas de pintura y dibujo / _cAngela Gair ; traducción y revisión técnica Beatriz Orellana Carreño. |
| 260 |
_aBarcelona : _bBlume, _c1997. |
||
| 300 |
_a256 p. : _bil. ; _c26 cm. |
||
| 500 | _aIncluye índice. | ||
| 534 |
_pTitulo original. _tCollins artists manual. |
||
| 650 | 1 | 4 |
_aDibujo _v Manuales. _910873 |
| 650 | 1 | 4 |
_aDibujo _x Enseñanza. _98467 |
| 650 | 1 | 4 |
_aMateriales para dibujo. _910868 |
| 650 | 1 | 4 |
_aPintura _v Manuales. _910874 |
| 650 | 1 | 4 |
_aPintura _v Materiales. _910869 |
| 650 | 6 |
_aAcuarela _x Enseñanza. _910871 |
|
| 650 | 6 |
_aPintura al óleo _x Enseñanza. _910870 |
|
| 650 | 6 |
_aPintura _x Técnica. _910872 |
|
| 700 | 1 |
_aOrellana Carreño, Beatriz, _etr. _910875 |
|
| 700 | 1 |
_aRodríguez Fischer, Cristina, _eed. _910876 |
|
| 942 |
_2ddc _cBK |
||
| 999 |
_c11208 _d11208 |
||